| 000 | 00395cam a2200157ua 4500 | ||
|---|---|---|---|
| 041 |
_ahin _h |
||
| 082 |
_a891.43 _bJAW/HI |
||
| 100 | _aJawaharlal, Nehru . | ||
| 245 |
_aHindustani ki kahani / _cJawaharlal Nehru. _hTextual Documents |
||
| 250 |
_a2 / _b. |
||
| 260 |
_aNew Delhi : _bSasta Sahitya Mandir , _c1960. |
||
| 300 | _a803 ; . | ||
| 504 | _a | ||
| 942 | _cBK | ||
| 999 |
_c12720 _d12720 |
||